LEADER 01358nam0-22004091i-450- 001 990005550930203316 005 20081103120000.0 035 $a000555093 035 $aUSA01000555093 035 $a(ALEPH)000555093USA01 035 $a000555093 100 $a20080917d2007-------|0itac50------ba 101 $aita 102 $aIT 105 $a|||| ||||| 200 1 $a<> libro nero dell'agricoltura italiana$ecinque anni di politica agraria italiana, europea e internazionale$fGiorgio Amadei, Andrea Segrè$gprefazione di Paolo De Castro 210 $aMilano$cF.Angeli$d[2007] 215 $a233 p.$d23 cm. 606 $aItalia$xPolitica agraria$x2002 -2006$2FI 620 $dMilano 676 $a338.1$cAgricoltura$v21 700 1$aAMADEI,$bGiorgio$0303746 701 1$aSEGRÈ,$bAndrea$0425272 702 1$aDE_CASTRO,$bPaolo 801 $aIT$bSOL$c20120104 912 $a990005550930203316 950 $aDIP.TO SCIENZE ECONOMICHE - (SA)$dDS 300 338.1 AMA$e14739 DISES 951 $aDIP.TO SCIENZE ECONOMICHE - (SA)$bDS2008 1E 20080917 951 $a300 338.1 AMA$b14739 DISES 959 $aBK 969 $aDISES 979 $c20121027$lUSA01$h1533 979 $c20121027$lUSA01$h1613 979 $aPATRY$b90$c20121114$lUSA01$h1447 996 $aLibro nero dell'agricoltura italiana$9709022 997 $aUNISA NUM $aUSA17778 LEADER 02374oas 2200937 a 450 001 9910144192003321 005 20250922213015.0 011 $a1555-614X 035 $a(DE-599)ZDB2247059-1 035 $a(OCoLC)606561127 035 $a(CONSER) 2020204566 035 $a(CKB)1000000000221612 035 $a(EXLCZ)991000000000221612 100 $a20100411a20009999 uy 101 0 $aeng 135 $aurbn||||||abp 135 $aurbn||||||ada 181 $ctxt$2rdacontent 182 $cc$2rdamedia 183 $acr$2rdacarrier 200 10$aPolymer science$hSeries C 210 $aMoscow $cMAIK Nauka/Interperiodica Pub.$d2000- 210 3 $aBerlin$cSpringer Nature 215 $a1 online resource 215 $avolumes $cillustrations ;$d28 cm 300 $aRefereed/Peer-reviewed 311 08$a1811-2382 606 $aPolymers$vPeriodicals 606 $aPolymerization$vPeriodicals 606 $aPolyme?res$vPe?riodiques 606 $aPolyme?risation$vPe?riodiques 606 $aPolymerization$2fast$3(OCoLC)fst01070576 606 $aPolymers$2fast$3(OCoLC)fst01070588 606 $aChemistry$2galestne 606 $aOrganic chemistry$2galestne 606 $aPolímers$2thub 606 $aPolimerització$2thub 608 $aPeriodicals.$2fast 608 $aPeriodicals.$2lcgft 608 $aRevistes electròniques.$2thub 615 0$aPolymers 615 0$aPolymerization 615 6$aPolyme?res 615 6$aPolyme?risation 615 7$aPolymerization. 615 7$aPolymers. 615 7$aChemistry. 615 7$aOrganic chemistry. 615 7$aPolímers. 615 7$aPolimerització. 676 $a547.7 712 02$aRossii?skai?a? akademii?a? nauk, 801 0$bOCLCE 801 1$bOCLCE 801 2$bOCLCQ 801 2$bOCLCF 801 2$bOCLCO 801 2$bOCLCQ 801 2$bJNA 801 2$bOCLCS 801 2$bVPI 801 2$bCCT 801 2$bOCLCO 801 2$bOCLCQ 801 2$bZ5A 801 2$bVT2 801 2$bOCLCA 801 2$bAU@ 801 2$bOCLCQ 801 2$bWURST 801 2$bDLC 801 2$bUBY 801 2$bOCLCQ 801 2$bUAB 801 2$bU3W 801 2$bSXB 801 2$bOCLCL 906 $aJOURNAL 912 $a9910144192003321 996 $aPolymer science$9122018 997 $aUNINA